00707 a2200205 4500010001400000020002300014035001300037037001500050082001100065090001700076100002000093245004100113260004100154270006400195300004200259500002100301942002600322999001700348952013600365 aENG-89586 a8170262321c595.00 aEN-73119 bDBAD / PUB14a954.09 c11194d111941 aMehta, Inder S.1 aColours of India/cby Inder S. Mehta aNew DelhibHeritage Publishersc2008 a19-A, Ansari Road, Darya Ganj,bNew DelhicDelhi :e110 002 axvi, 152p.:c23 cm ( Hb)bcol. photos aIncludes index adplcENk 954.09/ MEH c10888d10888 00102ddc40718NFICaDBADbDBADeDBAD/PUBg595.00l0o954.09 MEHpEN-73119r2008-09-15 00:00:00t1u11989v595.00w2008-09-15yEN